Understanding race, class, gender and sexuality : A conceptual frame. / (Record no. 1493)
[ view plain ]
| 000 -LEADER | |
|---|---|
| fixed length control field | 01149nam a22001457a 4500 |
| 008 - FIXED-LENGTH DATA ELEMENTS--GENERAL INFORMATION | |
| fixed length control field | 120620t xxu||||| |||| 00| 0 eng d |
| 020 ## - INTERNATIONAL STANDARD BOOK NUMBER | |
| International Standard Book Number | 0072434619 |
| 050 ## - LIBRARY OF CONGRESS CALL NUMBER | |
| Classification number | HM 821.W44 |
| 100 ## - MAIN ENTRY--PERSONAL NAME | |
| Personal name | Lynn, Weber |
| 245 ## - TITLE STATEMENT | |
| Title | Understanding race, class, gender and sexuality : A conceptual frame. / |
| Statement of responsibility, etc. | Lynn, Weber |
| 260 ## - PUBLICATION, DISTRIBUTION, ETC. | |
| Place of publication, distribution, etc. | Boston: |
| Name of publisher, distributor, etc. | Mcgraw-Hill, |
| Date of publication, distribution, etc. | 2001. |
| 300 ## - PHYSICAL DESCRIPTION | |
| Extent | xvi,224 p.: |
| Dimensions | 24cm. |
| 505 ## - FORMATTED CONTENTS NOTE | |
| Formatted contents note | Contents: Laying the foundation: Defining contested concepts -- A Historical time line of indicators of opppression -- A Conceptual framework: five times : The Story of Margaret Welch : A case study -- Themes : Historically and geographically/ globally contextual socially constructed power relations -- Themes: macro social structural and micro socal psychological levels simultaneously expressed -- Theo Wilson and Lynn Johnson: A case study -- Education and American dream -- Themes : Historically and geograhically/globally contextual socially constructed -- Themes : power relationships, macro social structural and miro social psychological levels simultaneously expressed -- Envisioning social justice -- Appendix: Historical time. |
| 942 ## - ADDED ENTRY ELEMENTS (KOHA) | |
| Source of classification or shelving scheme | Library of Congress Classification |
| Koha item type | Books |
| Withdrawn status | Lost status | Source of classification or shelving scheme | Damaged status | Not for loan | Home library | Current library | Shelving location | Date acquired | Total Checkouts | Full call number | Barcode | Date last seen | Copy number | Price effective from | Koha item type |
|---|---|---|---|---|---|---|---|---|---|---|---|---|---|---|---|
| Library of Congress Classification | WISCONSIN INTERNATIONAL UNIVERSITY COLLEGE, GHANA - MAIN LIBRARY | WISCONSIN INTERNATIONAL UNIVERSITY COLLEGE, GHANA - MAIN LIBRARY | General Stacks | 20/06/2012 | HM 821.W44 | 4014/12 | 20/06/2012 | 1 | 20/06/2012 | Books |
